| 000 | 00419nam a22001817a 4500 | ||
|---|---|---|---|
| 003 | MPLRDC | ||
| 005 | 20220104114013.0 | ||
| 008 | 210129b ||||| |||| 00| 0 eng d | ||
| 082 | _a830.8 SNWK v.2* | ||
| 100 | _a王尚义著 | ||
| 245 |
_a野鸽子的黄昏 _c |
||
| 250 | _a再版 | ||
| 260 |
_a _b水牛出版社 _c1984 |
||
| 300 | _b平 | ||
| 490 | _a水牛文库;2 | ||
| 650 | _a | ||
| 942 |
_cBK _o830.8 SNWK v.2* |
||
| 999 |
_c4059 _d4049 |
||